[Event "gorzyce wielkie"]
[Site "?"]
[Date "2020.02.08"]
[Round "2.10"]
[White "Pieczewski, Szymon"]
[Black "Kot, Jerzy"]
[Result "0-1"]
[BlackElo "1831"]
[WhiteElo "1542"]
[LiveChessVersion "1.4.8"]

1. e4 {[%clk 0:03:01]} c5 {[%clk 0:03:03]} 2. d3 {[%clk 0:03:02]} g6
{[%clk 0:03:04]} 3. Nd2 {[%clk 0:03:03]} Bg7 {[%clk 0:03:05]} 4. g3
{[%clk 0:03:04]} Nf6 {[%clk 0:03:05]} 5. Ngf3 {[%clk 0:03:03]} O-O
{[%clk 0:03:05]} 6. Bg2 {[%clk 0:03:04]} d5 {[%clk 0:03:06]} 7. e5
{[%clk 0:02:56]} Ng4 {[%clk 0:03:06]} 8. c3 {[%clk 0:02:28]} Nxe5
{[%clk 0:03:03]} 9. Nxe5 {[%clk 0:02:29]} Bxe5 {[%clk 0:03:03]} 10. O-O
{[%clk 0:02:29]} Nc6 {[%clk 0:03:03]} 11. Nf3 {[%clk 0:02:23]} Bg7
{[%clk 0:03:04]} 12. Re1 {[%clk 0:02:24]} e5 {[%clk 0:03:03]} 13. Bg5
{[%clk 0:02:16]} f6 {[%clk 0:03:01]} 14. Bd2 {[%clk 0:02:14]} Be6
{[%clk 0:02:55]} 15. Qc1 {[%clk 0:02:15]} Re8 {[%clk 0:02:55]} 16. Bh6
{[%clk 0:02:14]} Bh8 {[%clk 0:02:56]} 17. h3 {[%clk 0:01:55]} Qd7
{[%clk 0:02:56]} 18. Kh2 {[%clk 0:01:56]} Re7 {[%clk 0:02:46]} 19. a4
{[%clk 0:01:48]} b6 {[%clk 0:02:44]} 20. Qd2 {[%clk 0:01:34]} a5 {[%clk 0:02:30]}
21. h4 {[%clk 0:01:15]} Bg4 {[%clk 0:02:22]} 22. Ng1 {[%clk 0:01:12]} Rd8
{[%clk 0:02:16]} 23. f3 {[%clk 0:00:50]} Be6 {[%clk 0:02:11]} 24. Re2
{[%clk 0:00:50]} d4 {[%clk 0:01:59]} 25. c4 {[%clk 0:00:50]} Nb4 {[%clk 0:01:59]}
26. Bh3 {[%clk 0:00:39]} Rde8 {[%clk 0:01:53]} 27. b3 {[%clk 0:00:35]} Qc6
{[%clk 0:01:28]} 28. Bxe6+ {[%clk 0:00:31]} Rxe6 {[%clk 0:01:28]} 29. Rae1
{[%clk 0:00:32]} Qd7 {[%clk 0:01:14]} 30. Nh3 {[%clk 0:00:30]} Nc6
{[%clk 0:01:14]} 31. Nf2 {[%clk 0:00:29]} Ne7 {[%clk 0:01:15]} 32. Ne4
{[%clk 0:00:23]} Nf5 {[%clk 0:01:14]} 33. Qc1 {[%clk 0:00:17]} Qf7
{[%clk 0:01:12]} 34. Bd2 {[%clk 0:00:10]} Bg7 {[%clk 0:01:12]} 35. Rh1
{[%clk 0:00:05]} Qf8 {[%clk 0:01:04]} 36. Kg2 {[%clk 0:00:05]} Bh6
{[%clk 0:00:59]} 37. h5 {[%clk 0:00:05]} Ne3+ {[%clk 0:00:57]} 38. Bxe3
{[%clk 0:00:05]} Bxe3 {[%clk 0:00:55]} 39. Qf1 {[%clk 0:00:06]} f5
{[%clk 0:00:50]} 40. Nd2 {[%clk 0:00:06]} e4 {[%clk 0:00:40]} 41. fxe4
{[%clk 0:00:05]} Bxd2 {[%clk 0:00:40]} 42. Rxd2 {[%clk 0:00:05]} fxe4
{[%clk 0:00:41]} 43. Rf2 {[%clk 0:00:06]} Qg7 {[%clk 0:00:33]} 44. dxe4
{[%clk 0:00:06]} Rxe4 {[%clk 0:00:34]} 45. hxg6 {[%clk 0:00:07]} Qxg6
{[%clk 0:00:30]} 46. Kg1 {[%clk 0:00:06]} Rg4 {[%clk 0:00:25]} 47. Rf3
{[%clk 0:00:04]} Rxg3+ {[%clk 0:00:24]} 48. Rxg3 {[%clk 0:00:03]} Qxg3+ 49. Qg2
{[%clk 0:00:03]} Qxg2+ {[%clk 0:00:24]} 50. Kxg2 {[%clk 0:00:05]} Re3
{[%clk 0:00:25]} 51. Rh6 {[%clk 0:00:05]} Rxb3 {[%clk 0:00:25]} 52. Rd6
{[%clk 0:00:06]} Rb4 {[%clk 0:00:25]} 53. Kf3 {[%clk 0:00:06]} Kg7
{[%clk 0:00:25]} 54. Ke4 {[%clk 0:00:07]} h5 {[%clk 0:00:25]} 55. Kf5
{[%clk 0:00:07]} h4 {[%clk 0:00:26]} 56. Kg5 {[%clk 0:00:09]} Rxc4
{[%clk 0:00:26]} 57. Rd7+ {[%clk 0:00:10]} Kf8 {[%clk 0:00:27]} 58. Kf6
{[%clk 0:00:11]} Ke8 {[%clk 0:00:23]} 59. Ke6 {[%clk 0:00:12]} h3
{[%clk 0:00:22]} 60. Rh7 {[%clk 0:00:13]} Kf8 {[%clk 0:00:14]} 61. Rxh3
{[%clk 0:00:14]} d3 {[%clk 0:00:12]} 62. Rxd3 {[%clk 0:00:14]} Rxa4
{[%clk 0:00:13]} 63. Kf6 {[%clk 0:00:15]} Rf4+ {[%clk 0:00:12]} 64. Ke5
{[%clk 0:00:17]} Rf7 {[%clk 0:00:11]} 65. Ke6 {[%clk 0:00:17]} Rc7
{[%clk 0:00:10]} 66. Rb3 {[%clk 0:00:18]} c4 {[%clk 0:00:11]} 67. Rxb6
{[%clk 0:00:18]} c3 {[%clk 0:00:12]} 68. Rb1 {[%clk 0:00:20]} c2 {[%clk 0:00:13]}
69. Rc1 {[%clk 0:00:21]} a4 {[%clk 0:00:14]} 70. Kd6 {[%clk 0:00:22]} Rc8
{[%clk 0:00:15]} 0-1

[Event "gorzyce wielkie"]
[Site "?"]
[Date "2020.02.08"]
[Round "3.1"]
[White "Kot, Jerzy"]
[Black "Maciejczak, Jakub"]
[Result "0-1"]
[BlackElo "2313"]
[WhiteElo "1831"]
[LiveChessVersion "1.4.8"]

1. g3 {[%clk 0:03:02]} d5 {[%clk 0:03:02]} 2. Bg2 {[%clk 0:03:02]} Nf6
{[%clk 0:03:03]} 3. Nf3 {[%clk 0:03:03]} e6 {[%clk 0:03:03]} 4. O-O
{[%clk 0:03:03]} Be7 {[%clk 0:03:03]} 5. c4 {[%clk 0:03:04]} O-O {[%clk 0:03:03]}
6. d3 {[%clk 0:03:02]} b6 {[%clk 0:02:59]} 7. Nc3 {[%clk 0:03:00]} Bb7
{[%clk 0:02:59]} 8. b3 {[%clk 0:03:00]} c5 {[%clk 0:02:55]} 9. cxd5
{[%clk 0:03:00]} exd5 {[%clk 0:02:50]} 10. d4 {[%clk 0:02:55]} Na6
{[%clk 0:02:46]} 11. Bb2 {[%clk 0:02:46]} Nc7 {[%clk 0:02:44]} 12. Rc1
{[%clk 0:02:37]} Ne6 {[%clk 0:02:42]} 13. dxc5 {[%clk 0:02:35]} bxc5
{[%clk 0:02:42]} 14. Na4 {[%clk 0:02:28]} Rc8 {[%clk 0:02:23]} 15. Ne5
{[%clk 0:02:18]} Qa5 {[%clk 0:02:07]} 16. Bc3 {[%clk 0:02:06]} Qa6
{[%clk 0:02:00]} 17. Qd3 {[%clk 0:02:04]} c4 {[%clk 0:01:39]} 18. Qf3
{[%clk 0:01:19]} Ne4 {[%clk 0:01:16]} 19. Rfd1 {[%clk 0:00:59]} Ba8
{[%clk 0:00:41]} 20. Qg4 {[%clk 0:00:45]} Nf6 {[%clk 0:00:22]} 21. Qh3
{[%clk 0:00:36]} Rfd8 {[%clk 0:00:21]} 22. e3 {[%clk 0:00:04]} g6 0-1

[Event "gorzyce wielkie"]
[Site "?"]
[Date "2020.02.08"]
[Round "3.2"]
[White "Michalski, Karol"]
[Black "Grzesiek, Karol"]
[Result "1/2-1/2"]
[BlackElo "1815"]
[WhiteElo "1946"]
[LiveChessVersion "1.4.8"]

1. d4 {[%clk 0:03:03]} Nf6 {[%clk 0:03:03]} 2. c4 {[%clk 0:03:05]} g6
{[%clk 0:03:03]} 3. Nc3 {[%clk 0:03:05]} d5 {[%clk 0:03:03]} 4. Nf3
{[%clk 0:03:02]} Bg7 {[%clk 0:03:04]} 5. Bf4 {[%clk 0:02:56]} O-O
{[%clk 0:03:02]} 6. e3 {[%clk 0:02:56]} c5 {[%clk 0:03:02]} 7. Be2
{[%clk 0:02:42]} cxd4 {[%clk 0:03:02]} 8. exd4 {[%clk 0:02:42]} Nc6
{[%clk 0:03:01]} 9. Ne5 {[%clk 0:02:37]} dxc4 {[%clk 0:02:27]} 10. Nxc6
{[%clk 0:02:35]} bxc6 {[%clk 0:02:28]} 11. Bxc4 {[%clk 0:02:20]} Nd5
{[%clk 0:02:27]} 12. Bxd5 {[%clk 0:02:12]} cxd5 {[%clk 0:02:28]} 13. O-O
{[%clk 0:02:12]} e6 {[%clk 0:01:33]} 14. Qd2 {[%clk 0:02:10]} Qb6
{[%clk 0:01:07]} 15. Rfd1 {[%clk 0:02:11]} Bd7 {[%clk 0:00:59]} 16. Rab1
{[%clk 0:01:13]} Rfc8 {[%clk 0:00:56]} 17. h4 {[%clk 0:01:00]} Rc4
{[%clk 0:00:39]} 18. Be3 {[%clk 0:00:49]} h5 {[%clk 0:00:19]} 19. Ne2
{[%clk 0:00:31]} Rac8 {[%clk 0:00:15]} 20. Rdc1 {[%clk 0:00:31]} Bb5
{[%clk 0:00:05]} 21. Rxc4 {[%clk 0:00:26]} Rxc4 {[%clk 0:00:06]} 22. b3
{[%clk 0:00:23]} Rc6 {[%clk 0:00:06]} 23. Nf4 {[%clk 0:00:21]} Qc7
{[%clk 0:00:06]} 24. Rb2 {[%clk 0:00:19]} a5 {[%clk 0:00:05]} 25. g3
{[%clk 0:00:13]} a4 {[%clk 0:00:05]} 26. bxa4 {[%clk 0:00:14]} Bxa4
{[%clk 0:00:06]} 27. Kh2 {[%clk 0:00:14]} Rc2 {[%clk 0:00:05]} 28. Rxc2
{[%clk 0:00:15]} Qxc2 {[%clk 0:00:06]} 29. Qxc2 {[%clk 0:00:14]} Bxc2
{[%clk 0:00:07]} 30. Ne2 {[%clk 0:00:14]} Bf8 {[%clk 0:00:04]} 31. Kg1
{[%clk 0:00:10]} Bb4 {[%clk 0:00:05]} 32. Nc1 {[%clk 0:00:10]} Kf8
{[%clk 0:00:04]} 33. Kf1 {[%clk 0:00:12]} Ba3 {[%clk 0:00:05]} 34. Ke2
{[%clk 0:00:12]} Bxc1 {[%clk 0:00:04]} 35. Bxc1 {[%clk 0:00:13]} Ba4
{[%clk 0:00:05]} 36. Ba3+ {[%clk 0:00:13]} Ke8 {[%clk 0:00:06]} 37. Ke3
{[%clk 0:00:14]} Bb5 {[%clk 0:00:04]} 38. Bc5 {[%clk 0:00:15]} Ba4
{[%clk 0:00:05]} 39. Kf4 {[%clk 0:00:16]} Bc2 {[%clk 0:00:06]} 40. Ke5
{[%clk 0:00:16]} Ba4 {[%clk 0:00:06]} 41. Kf6 {[%clk 0:00:17]} Bc2
{[%clk 0:00:06]} 42. Kg5 {[%clk 0:00:16]} Bd1 {[%clk 0:00:07]} 43. a3
{[%clk 0:00:17]} Bc2 {[%clk 0:00:08]} 44. f3 {[%clk 0:00:17]} Bd1
{[%clk 0:00:08]} 45. Kf4 {[%clk 0:00:19]} Kd7 {[%clk 0:00:09]} 46. g4
{[%clk 0:00:19]} Ke8 {[%clk 0:00:08]} 47. gxh5 {[%clk 0:00:19]} gxh5
{[%clk 0:00:09]} 48. a4 {[%clk 0:00:16]} Bxa4 {[%clk 0:00:09]} 49. Kg5
{[%clk 0:00:18]} Bd1 {[%clk 0:00:09]} 50. f4 {[%clk 0:00:19]} Bg4
{[%clk 0:00:10]} 51. Kf6 {[%clk 0:00:19]} Bf5 {[%clk 0:00:10]} 52. Kg7
{[%clk 0:00:19]} Bg6 {[%clk 0:00:11]} 53. Kh6 {[%clk 0:00:19]} Kd7
{[%clk 0:00:11]} 54. Kg5 {[%clk 0:00:20]} Kc6 {[%clk 0:00:12]} 55. Kf6
{[%clk 0:00:07]} Kb5 {[%clk 0:00:13]} 56. Kg5 {[%clk 0:00:07]} Kc4
{[%clk 0:00:14]} 57. Bb6 {[%clk 0:00:08]} Kd3 {[%clk 0:00:13]} 58. Bc5
{[%clk 0:00:09]} Ke4 {[%clk 0:00:12]} 59. Bb6 {[%clk 0:00:10]} 1/2-1/2

[Event "gorzyce wielkie"]
[Site "?"]
[Date "2020.02.08"]
[Round "3.3"]
[White "Piekielny, Pawel"]
[Black "Banach, Szymon"]
[Result "1-0"]
[BlackElo "1912"]
[WhiteElo "1773"]
[LiveChessVersion "1.4.8"]

1. e4 {[%clk 0:03:03]} c5 {[%clk 0:02:59]} 2. Nf3 {[%clk 0:03:04]} Nc6
{[%clk 0:03:01]} 3. d4 {[%clk 0:03:05]} cxd4 {[%clk 0:03:02]} 4. Nxd4
{[%clk 0:03:06]} g6 {[%clk 0:03:04]} 5. c4 {[%clk 0:03:05]} Bg7 {[%clk 0:03:05]}
6. Be3 {[%clk 0:03:05]} Nf6 {[%clk 0:03:06]} 7. Nc3 {[%clk 0:03:06]} O-O
{[%clk 0:03:07]} 8. Be2 {[%clk 0:03:07]} a5 {[%clk 0:03:07]} 9. O-O
{[%clk 0:03:04]} d6 {[%clk 0:03:08]} 10. f3 {[%clk 0:03:01]} Nxd4
{[%clk 0:02:58]} 11. Bxd4 {[%clk 0:03:02]} Be6 {[%clk 0:02:59]} 12. Qd2
{[%clk 0:02:55]} a4 {[%clk 0:03:00]} 13. Rab1 {[%clk 0:02:54]} Qa5
{[%clk 0:03:00]} 14. b4 {[%clk 0:02:47]} axb3 {[%clk 0:02:58]} 15. axb3
{[%clk 0:02:48]} Qb4 {[%clk 0:02:56]} 16. Rfd1 {[%clk 0:02:15]} Nd7
{[%clk 0:02:10]} 17. Nd5 {[%clk 0:02:08]} Bxd4+ {[%clk 0:02:10]} 18. Qxd4
{[%clk 0:02:08]} Bxd5 {[%clk 0:02:11]} 19. exd5 {[%clk 0:01:45]} Nc5
{[%clk 0:02:02]} 20. Qe3 {[%clk 0:01:21]} Rfe8 {[%clk 0:01:09]} 21. Qd2
{[%clk 0:00:52]} Qa3 {[%clk 0:00:30]} 22. b4 {[%clk 0:00:38]} Na4
{[%clk 0:00:32]} 23. Rdc1 {[%clk 0:00:28]} Nb6 {[%clk 0:00:18]} 24. c5
{[%clk 0:00:22]} dxc5 {[%clk 0:00:17]} 25. bxc5 {[%clk 0:00:23]} Nxd5
{[%clk 0:00:14]} 26. Qxd5 {[%clk 0:00:22]} Qe3+ {[%clk 0:00:16]} 27. Kf1
{[%clk 0:00:21]} Red8 {[%clk 0:00:12]} 28. Qe4 {[%clk 0:00:18]} Qd2
{[%clk 0:00:11]} 29. Rc2 {[%clk 0:00:13]} Qd7 {[%clk 0:00:11]} 30. Rxb7
{[%clk 0:00:12]} Ra1+ {[%clk 0:00:12]} 31. Kf2 {[%clk 0:00:12]} Rh1
{[%clk 0:00:06]} 32. Rxd7 {[%clk 0:00:12]} 1-0

[Event "gorzyce wielkie"]
[Site "?"]
[Date "2020.02.08"]
[Round "3.4"]
[White "Sobczak, Miroslaw"]
[Black "Mocny, Tomasz"]
[Result "1-0"]
[BlackElo "1768"]
[WhiteElo "1886"]
[LiveChessVersion "1.4.8"]

1. e4 {[%clk 0:03:03]} Nf6 {[%clk 0:03:03]} 2. e5 {[%clk 0:03:03]} Nd5
{[%clk 0:03:05]} 3. d4 {[%clk 0:03:04]} d6 {[%clk 0:03:06]} 4. c4
{[%clk 0:03:04]} Nb6 {[%clk 0:03:07]} 5. exd6 {[%clk 0:03:05]} cxd6
{[%clk 0:03:08]} 6. Nc3 {[%clk 0:03:05]} g6 {[%clk 0:03:09]} 7. Nf3
{[%clk 0:03:05]} Bg7 {[%clk 0:03:11]} 8. Be3 {[%clk 0:03:04]} O-O
{[%clk 0:03:11]} 9. Rc1 {[%clk 0:03:05]} e5 {[%clk 0:03:12]} 10. dxe5
{[%clk 0:03:00]} dxe5 {[%clk 0:03:13]} 11. Qxd8 {[%clk 0:03:00]} Rxd8
{[%clk 0:03:14]} 12. Bxb6 {[%clk 0:02:59]} axb6 {[%clk 0:03:14]} 13. a3
{[%clk 0:02:47]} Nc6 {[%clk 0:03:07]} 14. Nd5 {[%clk 0:02:47]} Bg4
{[%clk 0:02:56]} 15. Nxb6 {[%clk 0:02:44]} Ra6 {[%clk 0:02:51]} 16. c5
{[%clk 0:02:45]} Bxf3 {[%clk 0:02:49]} 17. gxf3 {[%clk 0:02:42]} Nd4
{[%clk 0:02:45]} 18. Bxa6 {[%clk 0:02:40]} bxa6 {[%clk 0:02:44]} 19. c6
{[%clk 0:02:25]} Nxf3+ {[%clk 0:01:43]} 20. Kf1 {[%clk 0:02:24]} Nd2+
{[%clk 0:01:06]} 21. Kg2 {[%clk 0:02:25]} Rd4 {[%clk 0:00:19]} 22. h3
{[%clk 0:02:17]} Nb3 {[%clk 0:00:05]} 23. c7 {[%clk 0:02:18]} 1-0

[Event "gorzyce wielkie"]
[Site "?"]
[Date "2020.02.08"]
[Round "3.5"]
[White "Wronka, Arkadiusz"]
[Black "Chmielarz, Maciej"]
[Result "1-0"]
[BlackElo "1883"]
[WhiteElo "1609"]
[LiveChessVersion "1.4.8"]

1. d4 {[%clk 0:03:01]} c6 {[%clk 0:03:03]} 2. c4 {[%clk 0:03:01]} e6
{[%clk 0:03:04]} 3. Nf3 {[%clk 0:03:02]} d5 {[%clk 0:03:05]} 4. cxd5
{[%clk 0:02:55]} exd5 {[%clk 0:03:05]} 5. g3 {[%clk 0:02:56]} Bd6
{[%clk 0:03:02]} 6. Bg2 {[%clk 0:02:57]} Bf5 {[%clk 0:03:02]} 7. Nc3
{[%clk 0:02:58]} Nf6 {[%clk 0:02:53]} 8. Bg5 {[%clk 0:02:34]} h6 {[%clk 0:02:53]}
9. Bxf6 {[%clk 0:02:33]} Qxf6 {[%clk 0:02:54]} 10. O-O {[%clk 0:02:26]} O-O
{[%clk 0:02:52]} 11. Nh4 {[%clk 0:02:07]} Bh7 {[%clk 0:02:42]} 12. e4
{[%clk 0:02:02]} dxe4 {[%clk 0:02:42]} 13. Nxe4 {[%clk 0:02:02]} Bxe4
{[%clk 0:02:40]} 14. Bxe4 {[%clk 0:02:02]} Nd7 {[%clk 0:02:22]} 15. Nf5
{[%clk 0:01:55]} Bc7 {[%clk 0:01:59]} 16. Qg4 {[%clk 0:01:53]} Rfe8
{[%clk 0:01:35]} 17. Rfe1 {[%clk 0:01:49]} Nb6 {[%clk 0:01:25]} 18. Rad1
{[%clk 0:01:50]} Rad8 {[%clk 0:01:23]} 19. Bb1 {[%clk 0:01:39]} Nd5
{[%clk 0:01:05]} 20. h4 {[%clk 0:01:32]} Kf8 {[%clk 0:00:48]} 21. a3
{[%clk 0:01:18]} Bb6 {[%clk 0:00:37]} 22. Kf1 {[%clk 0:01:15]} Nc7
{[%clk 0:00:30]} 23. Re3 {[%clk 0:00:43]} Rxe3 {[%clk 0:00:24]} 24. Nxe3
{[%clk 0:00:44]} Bxd4 {[%clk 0:00:08]} 25. Nf5 {[%clk 0:00:45]} Bxb2
{[%clk 0:00:09]} 26. Rxd8+ {[%clk 0:00:43]} Qxd8 {[%clk 0:00:11]} 27. Qb4+
{[%clk 0:00:42]} c5 {[%clk 0:00:04]} 28. Qxb2 {[%clk 0:00:42]} f6
{[%clk 0:00:04]} 29. Qe2 {[%clk 0:00:38]} Kg8 {[%clk 0:00:04]} 30. Ba2+
{[%clk 0:00:39]} Kh7 {[%clk 0:00:05]} 31. Qe4 {[%clk 0:00:39]} g6
{[%clk 0:00:07]} 32. Qe7+ {[%clk 0:00:36]} Qxe7 {[%clk 0:00:08]} 33. Nxe7
{[%clk 0:00:37]} Kg7 {[%clk 0:00:06]} 34. Nd5 {[%clk 0:00:37]} f5
{[%clk 0:00:05]} 35. Nxc7 {[%clk 0:00:38]} 1-0

[Event "gorzyce wielkie"]
[Site "?"]
[Date "2020.02.08"]
[Round "3.6"]
[White "Pera, Adam"]
[Black "Malecki, Eugeniusz"]
[Result "0-1"]
[BlackElo "1729"]
[WhiteElo "1840"]
[LiveChessVersion "1.4.8"]

1. e4 {[%clk 0:03:02]} c5 {[%clk 0:03:03]} 2. Nf3 {[%clk 0:03:03]} e6
{[%clk 0:03:04]} 3. d4 {[%clk 0:03:05]} cxd4 {[%clk 0:03:05]} 4. Nxd4
{[%clk 0:03:06]} Nc6 {[%clk 0:03:05]} 5. c4 {[%clk 0:02:56]} Nf6 {[%clk 0:03:05]}
6. Nc3 {[%clk 0:02:56]} Bb4 {[%clk 0:03:05]} 7. Nxc6 {[%clk 0:02:43]} bxc6
{[%clk 0:03:06]} 8. Bd3 {[%clk 0:02:44]} d5 {[%clk 0:03:06]} 9. cxd5
{[%clk 0:02:42]} Bxc3+ {[%clk 0:03:05]} 10. bxc3 {[%clk 0:02:42]} cxd5
{[%clk 0:03:06]} 11. exd5 {[%clk 0:02:04]} Qxd5 {[%clk 0:02:56]} 12. O-O
{[%clk 0:02:04]} Bb7 {[%clk 0:02:50]} 13. f3 {[%clk 0:01:49]} Qc5+
{[%clk 0:02:34]} 14. Kh1 {[%clk 0:01:50]} O-O {[%clk 0:02:24]} 15. Qb3
{[%clk 0:01:40]} Bd5 {[%clk 0:02:20]} 16. c4 {[%clk 0:01:21]} Rfb8
{[%clk 0:02:09]} 17. Qa3 Qd4 {[%clk 0:01:48]} 18. cxd5 {[%clk 0:00:27]} Qxa1
{[%clk 0:01:47]} 19. Bf4 {[%clk 0:00:28]} Qb2 {[%clk 0:01:43]} 20. Qxb2
{[%clk 0:00:05]} Rxb2 {[%clk 0:01:44]} 21. dxe6 {[%clk 0:00:06]} fxe6
{[%clk 0:01:43]} 22. Bc4 {[%clk 0:00:07]} Re8 {[%clk 0:01:40]} 23. Be3
{[%clk 0:00:07]} a5 {[%clk 0:01:33]} 24. Bb3 {[%clk 0:00:08]} a4 {[%clk 0:01:33]}
25. Bxa4 {[%clk 0:00:09]} Rc8 {[%clk 0:01:28]} 26. Bb3 {[%clk 0:00:09]} Nd5
{[%clk 0:01:26]} 27. Bd4 {[%clk 0:00:09]} Rd2 {[%clk 0:01:25]} 28. Be5
{[%clk 0:00:06]} Kf7 {[%clk 0:01:22]} 29. Re1 {[%clk 0:00:07]} Rc6
{[%clk 0:01:00]} 30. h3 {[%clk 0:00:08]} Nb4 {[%clk 0:00:56]} 31. Bf4
{[%clk 0:00:08]} Rd8 {[%clk 0:00:54]} 32. Be5 {[%clk 0:00:08]} Nd3
{[%clk 0:00:54]} 33. Re3 {[%clk 0:00:08]} Nxe5 {[%clk 0:00:51]} 34. Rxe5
{[%clk 0:00:09]} Kf6 {[%clk 0:00:52]} 35. Re2 {[%clk 0:00:10]} Rc1+
{[%clk 0:00:52]} 36. Kh2 {[%clk 0:00:11]} Rd6 {[%clk 0:00:53]} 37. Re4
{[%clk 0:00:11]} g5 {[%clk 0:00:53]} 38. Re2 {[%clk 0:00:13]} h5 {[%clk 0:00:55]}
39. Re4 {[%clk 0:00:14]} Kf5 {[%clk 0:00:54]} 40. Re2 {[%clk 0:00:15]} Rc5
{[%clk 0:00:53]} 41. Re4 {[%clk 0:00:17]} Re5 {[%clk 0:00:54]} 42. Ra4
{[%clk 0:00:17]} Re2 {[%clk 0:00:50]} 43. Ra5+ {[%clk 0:00:19]} Kf6
{[%clk 0:00:50]} 44. Bc4 {[%clk 0:00:18]} Rc2 {[%clk 0:00:50]} 45. Bb3
{[%clk 0:00:19]} Rb2 {[%clk 0:00:51]} 46. h4 {[%clk 0:00:06]} gxh4
{[%clk 0:00:48]} 47. Ra8 {[%clk 0:00:06]} Rdd2 {[%clk 0:00:48]} 48. Rg8
{[%clk 0:00:07]} e5 {[%clk 0:00:44]} 49. Kh3 {[%clk 0:00:09]} Rb1
{[%clk 0:00:43]} 50. Kxh4 {[%clk 0:00:09]} Rh1+ {[%clk 0:00:44]} 51. Kg3
{[%clk 0:00:10]} h4+ {[%clk 0:00:45]} 52. Kg4 {[%clk 0:00:11]} Rxg2+
{[%clk 0:00:45]} 53. Kh5 {[%clk 0:00:12]} Rxg8 {[%clk 0:00:46]} 54. Bxg8
{[%clk 0:00:13]} h3 {[%clk 0:00:46]} 55. Kh4 {[%clk 0:00:14]} h2 {[%clk 0:00:48]}
56. Kh3 {[%clk 0:00:14]} Rg1 {[%clk 0:00:49]} 0-1

[Event "gorzyce wielkie"]
[Site "?"]
[Date "2020.02.08"]
[Round "3.7"]
[White "Rozumek, Krzysztof"]
[Black "Rosik, Jakub"]
[Result "0-1"]
[BlackElo "1847"]
[WhiteElo "1861"]
[LiveChessVersion "1.4.8"]

1. h3 {[%clk 0:03:02]} d5 {[%clk 0:03:03]} 2. c3 {[%clk 0:03:04]} Nf6
{[%clk 0:03:04]} 3. d4 {[%clk 0:03:05]} Bf5 {[%clk 0:03:03]} 4. Bf4
{[%clk 0:03:06]} e6 {[%clk 0:02:59]} 5. e3 {[%clk 0:03:07]} Bd6 {[%clk 0:02:59]}
6. Bxd6 {[%clk 0:03:05]} Qxd6 {[%clk 0:03:00]} 7. Qa4+ {[%clk 0:03:04]} Nbd7
{[%clk 0:02:53]} 8. Qa3 {[%clk 0:03:04]} Qxa3 {[%clk 0:02:35]} 9. Nxa3
{[%clk 0:03:06]} a6 {[%clk 0:02:33]} 10. f3 {[%clk 0:02:51]} c5 {[%clk 0:02:32]}
11. g4 {[%clk 0:02:52]} Bg6 {[%clk 0:02:31]} 12. h4 {[%clk 0:02:52]} h6
{[%clk 0:02:08]} 13. O-O-O {[%clk 0:02:36]} O-O {[%clk 0:02:05]} 14. g5
{[%clk 0:02:36]} hxg5 {[%clk 0:01:55]} 15. hxg5 {[%clk 0:02:37]} Nh5
{[%clk 0:01:54]} 16. Ne2 {[%clk 0:02:04]} b5 {[%clk 0:01:47]} 17. Bg2
{[%clk 0:01:43]} b4 {[%clk 0:01:40]} 18. Nc2 {[%clk 0:01:36]} bxc3
{[%clk 0:01:32]} 19. Nxc3 {[%clk 0:01:37]} Ng3 {[%clk 0:01:27]} 20. Rh3
{[%clk 0:01:31]} Nf5 {[%clk 0:01:20]} 21. Rdh1 {[%clk 0:01:31]} f6
{[%clk 0:01:13]} 22. dxc5 {[%clk 0:01:22]} Nxc5 {[%clk 0:01:13]} 23. e4
{[%clk 0:01:22]} dxe4 {[%clk 0:00:53]} 24. fxe4 {[%clk 0:01:23]} Ne7
{[%clk 0:00:38]} 25. e5 {[%clk 0:01:19]} Rad8 {[%clk 0:00:28]} 26. gxf6
{[%clk 0:01:17]} gxf6 {[%clk 0:00:29]} 27. exf6 {[%clk 0:00:46]} Nc8
{[%clk 0:00:16]} 28. Ne3 {[%clk 0:00:41]} Nd3+ {[%clk 0:00:15]} 29. Kb1
{[%clk 0:00:30]} Nf2+ {[%clk 0:00:15]} 30. Ka1 {[%clk 0:00:30]} Nxh1
{[%clk 0:00:16]} 31. Rxh1 {[%clk 0:00:32]} Kf7 {[%clk 0:00:14]} 32. Ng4
{[%clk 0:00:32]} Rh8 {[%clk 0:00:13]} 33. Rf1 {[%clk 0:00:30]} Bf5
{[%clk 0:00:11]} 34. Ne5+ {[%clk 0:00:26]} Kxf6 {[%clk 0:00:08]} 35. Nc6
{[%clk 0:00:27]} Rdg8 {[%clk 0:00:06]} 36. Be4 {[%clk 0:00:27]} Nd6
{[%clk 0:00:06]} 37. Bb1 {[%clk 0:00:23]} Rh5 {[%clk 0:00:03]} 38. Nd4
{[%clk 0:00:22]} Rgh8 {[%clk 0:00:05]} 39. a3 {[%clk 0:00:11]} Rh1
{[%clk 0:00:05]} 40. Rxh1 {[%clk 0:00:09]} Rxh1 {[%clk 0:00:06]} 41. Nxf5
{[%clk 0:00:09]} exf5 {[%clk 0:00:06]} 42. Nd5+ {[%clk 0:00:10]} Ke5
{[%clk 0:00:07]} 43. Ne3 {[%clk 0:00:11]} f4 {[%clk 0:00:08]} 44. Ng4+
{[%clk 0:00:11]} Kd4 {[%clk 0:00:08]} 45. Ka2 {[%clk 0:00:12]} Ne4
{[%clk 0:00:07]} 46. Bxe4 {[%clk 0:00:09]} Kxe4 {[%clk 0:00:08]} 47. Nf2+
{[%clk 0:00:11]} Kf3 {[%clk 0:00:09]} 48. Nxh1 {[%clk 0:00:11]} Kg2
{[%clk 0:00:10]} 49. Nf2 {[%clk 0:00:12]} Kxf2 {[%clk 0:00:11]} 50. b4
{[%clk 0:00:13]} Ke3 {[%clk 0:00:10]} 51. a4 {[%clk 0:00:15]} f3 52. b5 axb5
{[%clk 0:00:12]} 53. a5 {[%clk 0:00:18]} f2 {[%clk 0:00:13]} 54. a6
{[%clk 0:00:19]} f1=Q {[%clk 0:00:13]} 55. a7 {[%clk 0:00:21]} Qe2+
{[%clk 0:00:12]} 56. Ka3 {[%clk 0:00:21]} Qd3+ {[%clk 0:00:12]} 57. Kb4
{[%clk 0:00:22]} Qd4+ {[%clk 0:00:13]} 0-1

[Event "gorzyce wielkie"]
[Site "?"]
[Date "2020.02.08"]
[Round "3.8"]
[White "Zakrzewski, Marek"]
[Black "Rog, Bartlomiej"]
[Result "0-1"]
[BlackElo "1422"]
[WhiteElo "2256"]
[LiveChessVersion "1.4.8"]

1. c4 {[%clk 0:03:03]} Nf6 {[%clk 0:03:04]} 2. Nc3 g6 3. g3 Bg7 4. Bg2 d6 5. d3
{[%clk 0:03:03]} O-O {[%clk 0:03:10]} 6. Nf3 {[%clk 0:03:04]} c5 {[%clk 0:03:11]}
7. O-O {[%clk 0:03:03]} Nc6 {[%clk 0:03:11]} 8. Rb1 {[%clk 0:03:00]} d5
{[%clk 0:02:38]} 9. cxd5 {[%clk 0:02:38]} Nxd5 {[%clk 0:02:38]} 10. Nxd5
{[%clk 0:02:38]} Qxd5 {[%clk 0:02:39]} 11. a3 {[%clk 0:02:39]} Be6
{[%clk 0:02:29]} 12. Be3 {[%clk 0:02:38]} Qd6 {[%clk 0:02:23]} 13. Qd2
{[%clk 0:02:03]} Rac8 {[%clk 0:02:19]} 14. Rfc1 {[%clk 0:02:00]} Nd4
{[%clk 0:02:10]} 15. Nxd4 {[%clk 0:01:37]} cxd4 {[%clk 0:02:11]} 16. Bf4
{[%clk 0:01:38]} Qd7 {[%clk 0:02:10]} 17. b4 {[%clk 0:01:35]} Bd5
{[%clk 0:01:49]} 18. Bxd5 {[%clk 0:00:49]} Qxd5 {[%clk 0:01:51]} 19. Rc2
{[%clk 0:00:51]} e5 {[%clk 0:01:29]} 20. e4 {[%clk 0:00:45]} dxe3
{[%clk 0:01:19]} 21. Bxe3 {[%clk 0:00:45]} Rxc2 {[%clk 0:01:10]} 22. Qxc2
{[%clk 0:00:46]} a6 {[%clk 0:00:59]} 23. Bb6 {[%clk 0:00:29]} Qb5
{[%clk 0:00:33]} 24. Ba5 {[%clk 0:00:20]} Rb8 {[%clk 0:00:20]} 25. a4
{[%clk 0:00:20]} Qd7 {[%clk 0:00:20]} 26. b5 {[%clk 0:00:18]} axb5
{[%clk 0:00:19]} 27. axb5 {[%clk 0:00:19]} Rc8 {[%clk 0:00:20]} 28. Qb3
{[%clk 0:00:19]} h5 {[%clk 0:00:15]} 29. h4 {[%clk 0:00:20]} Kh7 {[%clk 0:00:12]}
30. Bb6 {[%clk 0:00:21]} f5 {[%clk 0:00:13]} 31. Rb2 {[%clk 0:00:15]} f4
{[%clk 0:00:14]} 32. Rc2 {[%clk 0:00:13]} f3 {[%clk 0:00:11]} 33. Rxc8
{[%clk 0:00:10]} Qh3 {[%clk 0:00:11]} 0-1